<?xml version="1.0" encoding="UTF-8"?><?xml-stylesheet type="text/xsl" href="static/style.xsl"?><OAI-PMH xmlns="http://www.openarchives.org/OAI/2.0/" xmlns:xsi="http://www.w3.org/2001/XMLSchema-instance" xsi:schemaLocation="http://www.openarchives.org/OAI/2.0/ http://www.openarchives.org/OAI/2.0/OAI-PMH.xsd"><responseDate>2026-04-14T02:55:36Z</responseDate><request verb="GetRecord" identifier="oai:www.recercat.cat:10459.1/63144" metadataPrefix="marc">https://recercat.cat/oai/request</request><GetRecord><record><header><identifier>oai:recercat.cat:10459.1/63144</identifier><datestamp>2024-12-05T22:09:18Z</datestamp><setSpec>com_2072_3622</setSpec><setSpec>col_2072_479130</setSpec></header><metadata><record xmlns="http://www.loc.gov/MARC21/slim" xmlns:dcterms="http://purl.org/dc/terms/" xmlns:xsi="http://www.w3.org/2001/XMLSchema-instance" xmlns:doc="http://www.lyncode.com/xoai" xsi:schemaLocation="http://www.loc.gov/MARC21/slim http://www.loc.gov/standards/marcxml/schema/MARC21slim.xsd">
   <leader>00925njm 22002777a 4500</leader>
   <datafield ind2=" " ind1=" " tag="042">
      <subfield code="a">dc</subfield>
   </datafield>
   <datafield ind2=" " ind1=" " tag="720">
      <subfield code="a">Mir, Conxita</subfield>
      <subfield code="e">author</subfield>
   </datafield>
   <datafield ind2=" " ind1=" " tag="260">
      <subfield code="c">2018-04-25T10:35:54Z</subfield>
   </datafield>
   <datafield ind2=" " ind1=" " tag="260">
      <subfield code="c">2018-04-25T10:35:54Z</subfield>
   </datafield>
   <datafield ind2=" " ind1=" " tag="260">
      <subfield code="c">2008</subfield>
   </datafield>
   <datafield ind2=" " ind1=" " tag="520">
      <subfield code="a">En aquest article s’ofereix una panoràmica general sobre la repressió franquista als Països Catalans des de l’esclat de la&#xd;
Guerra Civil espanyola fins a la primera dècada de la instauració de la Dictadura, tot prenent en compte tant els efectes&#xd;
cruents com la repressió econòmica, els empresonaments, la depuració professional o el control social i moral a què se&#xd;
sotmeté la població en general. Després d’unes breus consideracions sobre el caràcter de la violència i la dominació desplegades&#xd;
pels revoltats als territoris que anaven ocupant, s’inicia un recorregut que comença l’estiu del 1936 a l’illa de&#xd;
Mallorca, únic territori de parla catalana que restà a mans del colpistes, continua per les terres de Lleida, ocupades la primavera&#xd;
del 1938, i es clou amb l’ofensiva final, l’hivern del mateix any, sobre Catalunya i València. Es fa especial incidència&#xd;
en les repercussions de la Llei de responsabilitats polítiques del 1939 i en el significat que tingueren per a l’ocupant la&#xd;
pacificació i la reconstrucció dels territoris conquerits.</subfield>
   </datafield>
   <datafield ind1="8" ind2=" " tag="024">
      <subfield code="a">http://hdl.handle.net/10459.1/63144</subfield>
   </datafield>
   <datafield tag="653" ind2=" " ind1=" ">
      <subfield code="a">Franquisme</subfield>
   </datafield>
   <datafield tag="653" ind2=" " ind1=" ">
      <subfield code="a">Repressió</subfield>
   </datafield>
   <datafield tag="653" ind2=" " ind1=" ">
      <subfield code="a">Violència política</subfield>
   </datafield>
   <datafield tag="653" ind2=" " ind1=" ">
      <subfield code="a">Guerra civil</subfield>
   </datafield>
   <datafield ind2="0" ind1="0" tag="245">
      <subfield code="a">La repressió franquista als Països Catalans</subfield>
   </datafield>
</record></metadata></record></GetRecord></OAI-PMH>